ბათუმის შოთა რუსთაველის სახელმწიფო უნივერსიტეტის ბიბლიოთეკა

თხზულებანი : 8 ტომად. ტ. 6 : წერილები (1904-1937) (ბიბ.ჩანაწერი № 49106)

000 -LEADER
fixed length control field 01008nam a2200217Ia 4500
001 - CONTROL NUMBER
control field 16013
003 - CONTROL NUMBER IDENTIFIER
control field GE_BSU
008 - FIXED-LENGTH DATA ELEMENTS--GENERAL INFORMATION
fixed length control field 181216s||||||||xx |||||||||||||| ||und||
040 ## - CATALOGING SOURCE
Transcribing agency GE_BSU
080 ## - UNIVERSAL DECIMAL CLASSIFICATION NUMBER
Universal Decimal Classification number 821.353.1 + 821.353.1-92
100 ## - MAIN ENTRY--PERSONAL NAME
Personal name ჯავახიშვილი, მ. (მიხეილ, 1880-1937)
245 ## - TITLE STATEMENT
Title თხზულებანი : 8 ტომად. ტ. 6 : წერილები (1904-1937)
245 ## - TITLE STATEMENT
Statement of responsibility, etc. სარედ. კოლ.: გ. გვერდწითელი, გ. მერკვილაძე, ბ. ჟღენტი და სხვ.ტომი გამოსაც. მოამზადა რ. კუსრაშვილმა ; ტომის რედ. გ. გვერდწითელი
260 ## - PUBLICATION, DISTRIBUTION, ETC.
Place of publication, distribution, etc. თბილისი
260 ## - PUBLICATION, DISTRIBUTION, ETC.
Name of publisher, distributor, etc. საბჭ. საქართველო
260 ## - PUBLICATION, DISTRIBUTION, ETC.
Date of publication, distribution, etc. 1980.
300 ## - PHYSICAL DESCRIPTION
Extent 291 გვ.22 სმ.
653 ## - INDEX TERM--UNCONTROLLED
Uncontrolled term თხზულებანი
653 ## - INDEX TERM--UNCONTROLLED
Uncontrolled term წერილები
942 ## - ADDED ENTRY ELEMENTS (KOHA)
Koha item type წიგნი
ეგზემპლარები
Withdrawn status Lost status Damaged status Not for loan Date acquired Barcode Date last seen Price effective from Koha item type
        2018-12-17 39809 2018-12-17 2018-12-17 წიგნი
        2018-12-17 39810 2018-12-17 2018-12-17 წიგნი